000 00588nam a22001937a 4500
999 _c18941
_d18941
003 AR-CdUCM
008 190515b ||||| |||| 00| 0 spa d
040 _aMUNICIPALIDAD PROVINCIAL DEL CUSCO
_cBIBLIOTECA MUNICIPAL DEL CUSCO
082 _a519.903 /
_bM85
100 _aMaurice , G
_939872
245 _aDiccionario de estadística /
260 _aMéxico :
_bCampaña editorial continental,
_c1974.
300 _a219 paginas ;
_c22 cm.
505 _aContenido :
650 _aEstadística
_95668
650 _aDiccionarios
_95105
942 _2ddc
_cLIBROS
945 _arjall
_d2019-05-15